2000m+ Mountains in Bosnia&Herzegovina - Statistics

General Stats
  • This quiz has been taken 15 times
  • The average score is 6 of 11
Answer Stats
Hint Answer % Correct
2067m Bjelašnica
92%
2386m Maglić
92%
2155m Prenj
67%
2074m Vran
67%
2226m Čvrsnica
58%
2110m Vranica
58%
2014m Zelengora
58%
2006m Cincar
42%
2296m Volujak
33%
2088m Treskavica
25%
2032m Lelija
17%
No matching quizzes found
Score Distribution
Percent of People with Each Score
Percentile by Number Answered
Your Score History
You have not taken this quiz